000 00437nam a22001817a 4500
003 MPLRDC
005 20220104113812.0
008 210129b ||||| |||| 00| 0 eng d
020 _a7-5399-0102-0
082 _a857.7 JXT v.5 c.3
100 _a姬小苔
245 _a胜利女神
_c
250 _a二版一刷
260 _a
_b江苏文艺出版社
_c1992
300 _b
650 _a长篇小说
942 _cBK
_o857.7 JXT v.5 c.3
999 _c2465
_d2455